000 00904mam a2200313 a 4500
999 _c3429
_d3429
001 333030
003 OSt
005 20181113110150.0
008 881207s1980 oku 000 0 eng d
010 _a 80082992
020 _a0892744677
035 _a(OCoLC)18850802
035 _a(OCoLC)ocm18850802
040 _aVCB
_cVCB
049 _aPTSS
082 _a231.8
_bC249A
090 _aBV4501.2
_b.C365 1980
100 1 _aCapps, Charles.
245 1 0 _aHow you can avoid tragedy and live a better life /
_cby Charles Capps.
260 _aTulsa, Okla. :
_bHarrison House,
_cc1980.
300 _a187 p. ;
_c18 cm.
500 _a"Previously entitled Why Tragedy Happens to Christians. Formerly ISBN 0-89274-175-9"
650 0 _aChristian life
_y1960-
650 0 _aPositivism.
650 0 _aFear.
650 0 _aSuffering.
740 0 1 _aWhy tragedy happens to Christians.
942 _2ddc
_cBK